000 00698nam a22002537a 4500
001 BR6005225
003 BR-BrBNA
005 20230928095557.0
007 ta
008 230509b bl.||||| |||| 00| 0 por d
040 _aBR-BrBNA
_bpor
_cBiblioteca Nacional de Agricultura
041 _a(Por)
072 _aH20
_b2120
090 _ 2120 BR6005225
110 1 _aGrupo Executivo de Racionalizacao da Cafeicultura, Rio de Janeiro, GB (Brasil)
_95495
245 1 _aA ferrugem do cafeeiro no Brasil
260 3 _aRio de Janeiro, GB (Brasil):
_c1970.
300 _a15 p.
500 _a19 illus.
650 _aCafe
650 _aFerrugem
909 _a202309
_bLucia
_c55
_dLucia Elande
942 _cBK
999 _c57396
_d57396